000 00717nam a2200241Ia 4500
003 OSt
005 20220925224550.0
006 a|||||r|||| 00| 0
007 ta
008 220923b |||||||| |||| 00| 0 eng d
037 _cGeneral Book
040 _aRTL
_cRTL
_beng
041 _2eng
_aeng
082 _aY:6.4445.N7, L0
100 _aCAPLAN Lionel
_9278305
245 0 _aLand and social change in East Nepal
_b A study of H
260 _aLondon
_bRoutledge and Kegan Paul
_c1970
300 _axvi,224p
_ccm.
500 _aBibliography: p 209-213; Appendix: p 205-207
650 _aSocial Change
942 _hY:6.4445.N7, L0
_cGB
_2CC
999 _c581758
_d581758